[Event "RUS-chT Seniors final"]
[Site "Sochi"]
[Date "2016.05.02"]
[Round "2.2"]
[White "Fradkin, Boris"]
[Black "Avedissian, Andre"]
[Result "1-0"]
[WhiteElo "2387"]
[BlackElo "1362"]
[PlyCount "59"]
[EventDate "2016.05.01"]
[EventType "team-tourn"]
[EventRounds "9"]
[EventCountry "RUS"]
[SourceTitle "EXT 2018"]
[Source "ChessBase"]
[SourceDate "2017.10.13"]
[SourceVersion "1"]
[SourceVersionDate "2017.10.13"]
[SourceQuality "1"]
[WhiteTeam "Ekaterinburg Malachite"]
[BlackTeam "Sochi On a visit to us"]
[WhiteTeamCountry "RUS"]
[BlackTeamCountry "RUS"]

1. Nf3 b6 2. c4 e6 3. g3 Bb7 4. Bg2 Nf6 5. b3 Be7 6. Bb2 0-0 7. 0-0 d6 8. d4 Nbd7 9. Nc3 a6 10. Qc2 Rc8 11. e4 h6 12. Rad1 c5 13. e5 Nh7 14. d5 dxe5 15. dxe6 fxe6 16. Nxe5 Bxg2 17. Rxd7 Bxf1 18. Rxd8 Rcxd8 19. Kxf1 Bg5 20. Ne4 Rf5 21. h4 Bf6 22. Nxf6+ Nxf6 23. Nc6 Rd7 24. Qe2 e5 25. Nxe5 Re7 26. Qd3 Rfxe5 27. Bxe5 Rxe5 28. Qd8+ Kh7 29. Qxb6 Rf5 30. Qe6 1-0

[Event "RUS-chT Seniors final"]
[Site "Sochi"]
[Date "2016.05.01"]
[Round "1.3"]
[White "Avedissian, Andre"]
[Black "Pushkov, Nikolai"]
[Result "0-1"]
[WhiteElo "1362"]
[BlackElo "2306"]
[PlyCount "38"]
[EventDate "2016.05.01"]
[EventType "team-tourn"]
[EventRounds "9"]
[EventCountry "RUS"]
[SourceTitle "EXT 2018"]
[Source "ChessBase"]
[SourceDate "2017.10.13"]
[SourceVersion "1"]
[SourceVersionDate "2017.10.13"]
[SourceQuality "1"]
[WhiteTeam "Sochi On a visit to us"]
[BlackTeam "Belorechensk Univ"]
[WhiteTeamCountry "RUS"]
[BlackTeamCountry "RUS"]

1. e4 e6 2. d4 d5 3. Nd2 c5 4. exd5 Qxd5 5. dxc5 Bxc5 6. Ngf3 Nf6 7. Bc4 Qc6 8. 0-0 0-0 9. Qe2 Nbd7 10. b3 b6 11. Bb2 Bb7 12. Rad1 Rad8 13. h3 Nd5 14. Ne5 Nxe5 15. Qxe5 f6 16. Bxd5 Rxd5 17. Qe4 Rfd8 18. Bc1 Bb4 19. Qxb4 Rxd2 0-1